000 00643nam a2200193 i 4500
001 179328
003 ES-MaACL
005 20250801094347.0
008 111103s1917 fr |||| | fre d
245 0 0 _aPages françaises /
_cJules Lemaitre... [et al.].
260 _a[S.l. :
_bs.n.,
_c1917?] (
_eMayenne :
_fCharles Colin)
300 _aVIII, 348 p. ;
_c25 cm.
590 0 _aEjemplar sin portada, datos tomados de la portadilla y el texto.
650 4 _aLengua francesa-
_vLecturas.
_9139019
650 7 _aLiteratura francesa
_2embne
_914582
700 1 _aLemaitre, Jules.
_971458
852 _aES-MaACL
_jG-5713
999 _c179328
_d179328